<The> Future of Eastern and Central Europe in the World Economy Proceedings of the Jubilee Conference

Enregistré dans:
Détails bibliographiques
Autres auteurs: Fóti, Gábor
Format: Livre
Langue:anglais
Publié: Budapest Inst. for World Economics 1993
Édition:1. ed.
Collection:Trends in World Economy No 71
Sujets:
Tags: Ajouter un tag
Pas de tags, Soyez le premier à ajouter un tag!

MARC

LEADER 00000nam a2200000 4500
001 c004263
005 20221214082123.9
020 |a 963-301-185-X 
041 0 |a eng 
044 |a HU 
245 1 0 |a <The> Future of Eastern and Central Europe in the World Economy  |b Proceedings of the Jubilee Conference  |c Edit. Gábor Fóti 
250 |a 1. ed. 
264 1 |a Budapest  |b Inst. for World Economics  |c 1993 
300 |a 176 s. 
490 1 |a Trends in World Economy  |v No 71 
830 0 |a Trends in World Economy  |v No 71 
610 2 0 |a východná Európa 
610 2 0 |a stredná Európa 
610 2 0 |a hospodárstvo svetové 
610 2 0 |a transformácia 
610 2 0 |a modernizácia 
610 2 0 |a politika 
610 2 0 |a rozvoj hospodársky 
610 2 0 |a pluralizmus 
610 2 0 |a kríza hospodárska 
610 2 0 |a vzťahy hospodárske medzinárodné 
610 2 0 |a vývoz 
610 2 0 |a Bognár, J. 
700 1 |a Fóti, Gábor